[Event "DEM U10 2021"]
[Site "Willingen GER"]
[Date "2021.08.29"]
[Round "11"]
[White "Seth, Aakrit"]
[Black "Vinogradov, Ilia"]
[Result "1-0"]
[Termination "normal"]
[Board "20"]
[WhiteElo "1330"]
[BlackElo "1217"]
[WhiteClock "00:49:24"]
[BlackClock "00:39:32"]
[PlyCount "59"]
[WhiteFideId "34604812"]
[BlackFideId "34603166"]
[EventCountry "GER"]
[EventRounds "11"]
[EventType "swiss"]
[EventDate "2021.08.22"]

1. d4 {[%clk 01:15:57]} {[%emt 00:00:03]} Nf6 {[%clk 01:15:52]} {[%emt
00:00:08]} 2. Bf4 {[%clk 01:16:18]} {[%emt 00:00:08]} e6 {[%clk 01:15:56]}
{[%emt 00:00:27]} 3. e3 {[%clk 01:16:31]} {[%emt 00:00:17]} d5 {[%clk
01:15:16]} {[%emt 00:01:10]} 4. Nf3 {[%clk 01:16:39]} {[%emt 00:00:20]} c5
{[%clk 01:14:41]} {[%emt 00:01:07]} 5. Nbd2 {[%clk 01:15:30]} {[%emt 00:01:39]}
Nc6 {[%clk 01:12:20]} {[%emt 00:02:51]} 6. h3 {[%clk 01:12:51]} {[%emt
00:03:09]} h5 {[%clk 01:11:08]} {[%emt 00:01:42]} 7. c3 {[%clk 01:12:40]}
{[%emt 00:00:40]} Bd6 {[%clk 01:09:46]} {[%emt 00:01:53]} 8. dxc5 {[%clk
01:12:29]} {[%emt 00:00:41]} Bxc5 {[%clk 01:09:51]} {[%emt 00:00:25]} 9. Bd3
{[%clk 01:11:59]} {[%emt 00:01:00]} Qe7 {[%clk 01:05:29]} {[%emt 00:04:52]} 10.
O-O {[%clk 01:08:51]} {[%emt 00:03:59]} e5 {[%clk 01:04:17]} {[%emt 00:01:21]}
11. Bg5 {[%clk 01:04:02]} {[%emt 00:05:18]} e4 {[%clk 01:03:45]} {[%emt
00:01:03]} 12. Bxf6 {[%clk 01:03:54]} {[%emt 00:00:39]} gxf6 {[%clk 01:03:11]}
{[%emt 00:01:02]} 13. Bb5 {[%clk 01:02:49]} {[%emt 00:01:36]} exf3 {[%clk
01:01:40]} {[%emt 00:02:00]} 14. Nxf3 {[%clk 01:03:09]} {[%emt 00:00:11]} Qd6
{[%clk 01:01:05]} {[%emt 00:01:05]} 15. b4 {[%clk 01:02:56]} {[%emt 00:00:43]}
Bb6 {[%clk 00:59:48]} {[%emt 00:01:48]} 16. a3 {[%clk 01:00:27]} {[%emt
00:02:58]} Rg8 {[%clk 00:59:34]} {[%emt 00:00:43]} 17. Kh1 {[%clk 00:59:37]}
{[%emt 00:01:20]} Bc7 {[%clk 00:50:39]} {[%emt 00:09:26]} 18. Qd2 {[%clk
00:53:06]} {[%emt 00:07:01]} Rh8 {[%clk 00:49:59]} {[%emt 00:01:10]} 19. Rad1
{[%clk 00:52:47]} {[%emt 00:00:48]} Be6 {[%clk 00:47:49]} {[%emt 00:02:41]} 20.
c4 {[%clk 00:52:32]} {[%emt 00:00:45]} O-O-O {[%clk 00:45:37]} {[%emt
00:02:41]} 21. c5 {[%clk 00:50:39]} {[%emt 00:02:24]} Qf8 {[%clk 00:44:55]}
{[%emt 00:01:11]} 22. Bxc6 {[%clk 00:50:31]} {[%emt 00:00:39]} bxc6 {[%clk
00:45:08]} {[%emt 00:00:17]} 23. Nd4 {[%clk 00:50:31]} {[%emt 00:00:31]} Bd7
{[%clk 00:44:30]} {[%emt 00:01:07]} 24. Qd3 {[%clk 00:50:13]} {[%emt 00:00:49]}
Re8 {[%clk 00:43:50]} {[%emt 00:01:09]} 25. Qa6+ {[%clk 00:50:33]} {[%emt
00:00:11]} Kd8 {[%clk 00:43:55]} {[%emt 00:00:24]} 26. Nxc6+ {[%clk 00:49:32]}
{[%emt 00:01:31]} Bxc6 {[%clk 00:43:53]} {[%emt 00:00:32]} 27. Qxc6 {[%clk
00:49:48]} {[%emt 00:00:14]} Kc8 {[%clk 00:41:18]} {[%emt 00:03:05]} 28. Qa6+
{[%clk 00:48:49]} {[%emt 00:01:29]} Kb8 {[%clk 00:40:38]} {[%emt 00:01:10]} 29.
c6 {[%clk 00:49:09]} {[%emt 00:00:10]} Bb6 {[%clk 00:39:32]} {[%emt 00:01:37]}
30. Qb7# {[%clk 00:49:24]} {[%emt 00:00:13]} 1-0

[Event "DEM U10 2021"]
[Site "Willingen GER"]
[Date "2021.08.29"]
[Round "11"]
[White "Fettig, Michel"]
[Black "Böhler, Yannic"]
[Result "0-1"]
[Termination "normal"]
[Board "21"]
[WhiteElo "1297"]
[BlackElo "1150"]
[WhiteClock "01:01:32"]
[BlackClock "00:59:51"]
[PlyCount "46"]
[WhiteFideId "34608982"]
[BlackFideId "34609059"]
[EventCountry "GER"]
[EventRounds "11"]
[EventType "swiss"]
[EventDate "2021.08.22"]

1. c4 {[%clk 01:15:59]} Nf6 {[%clk 01:15:58]} {[%emt 00:00:03]} 2. g3 {[%clk
01:16:20]} {[%emt 00:00:08]} e6 {[%clk 01:16:25]} {[%emt 00:00:03]} 3. Bg2
{[%emt 00:00:08]} d5 {[%clk 01:16:52]} 4. d4 {[%clk 01:16:57]} {[%emt
00:00:18]} Be7 {[%clk 01:16:26]} {[%emt 00:00:56]} 5. Bf4 {[%clk 01:17:06]}
{[%emt 00:00:19]} O-O {[%clk 01:16:11]} {[%emt 00:00:46]} 6. cxd5 {[%clk
01:16:53]} {[%emt 00:00:43]} exd5 {[%clk 01:16:32]} {[%emt 00:00:09]} 7. Nf3
{[%clk 01:16:54]} {[%emt 00:00:29]} Nbd7 {[%clk 01:16:36]} {[%emt 00:00:27]} 8.
O-O {[%clk 01:16:57]} {[%emt 00:00:14]} c6 {[%clk 01:16:53]} {[%emt 00:00:25]}
9. Nbd2 {[%clk 01:16:56]} {[%emt 00:00:31]} Re8 {[%clk 01:16:56]} {[%emt
00:00:27]} 10. Rc1 {[%clk 01:16:50]} {[%emt 00:00:36]} Nf8 {[%clk 01:16:29]}
{[%emt 00:00:57]} 11. Re1 {[%clk 01:15:14]} {[%emt 00:02:05]} Ng6 {[%clk
01:16:28]} {[%emt 00:00:31]} 12. Be5 {[%clk 01:15:29]} {[%emt 00:00:16]} Bf5
{[%clk 01:15:12]} {[%emt 00:01:46]} 13. Nb3 {[%clk 01:10:59]} {[%emt 00:05:02]}
Ne4 {[%clk 01:10:04]} {[%emt 00:05:36]} 14. Nfd2 {[%clk 01:08:55]} {[%emt
00:02:33]} Bb4 {[%clk 01:07:19]} {[%emt 00:03:15]} 15. f4 {[%clk 01:04:31]}
{[%emt 00:04:54]} f6 {[%clk 01:05:58]} {[%emt 00:01:52]} 16. Rf1 {[%clk
01:03:48]} {[%emt 00:01:11]} fxe5 {[%clk 01:05:16]} {[%emt 00:01:14]} 17. fxe5
{[%clk 01:03:32]} {[%emt 00:00:46]} Qg5 {[%clk 01:03:23]} {[%emt 00:02:20]} 18.
Nxe4 {[%clk 01:03:12]} {[%emt 00:00:54]} Bxe4 {[%clk 01:02:43]} {[%emt
00:01:10]} 19. Bxe4 {[%clk 01:03:02]} {[%emt 00:00:39]} Qe3+ {[%clk 01:01:03]}
{[%emt 00:02:10]} 20. Rf2 {[%clk 01:02:24]} {[%emt 00:01:08]} dxe4 {[%clk
00:59:03]} {[%emt 00:02:30]} 21. Qc2 {[%clk 01:01:41]} {[%emt 00:01:13]} Rf8
{[%clk 00:59:04]} {[%emt 00:00:29]} 22. Rcf1 {[%clk 01:01:57]} {[%emt
00:00:14]} Rxf2 {[%clk 00:59:24]} {[%emt 00:00:11]} 23. Rxf2 {[%clk 01:01:32]}
{[%emt 00:00:55]} Rf8 {[%clk 00:59:51]} {[%emt 00:00:03]} 0-1

[Event "DEM U10 2021"]
[Site "Willingen GER"]
[Date "2021.08.29"]
[Round "11"]
[White "Deiringer, Julius"]
[Black "He, Saiqi"]
[Result "1/2-1/2"]
[Termination "normal"]
[Board "22"]
[WhiteElo "1274"]
[BlackElo "1188"]
[WhiteClock "00:02:50"]
[BlackClock "00:01:32"]
[PlyCount "82"]
[WhiteFideId "16267010"]
[BlackFideId "16292723"]
[EventCountry "GER"]
[EventRounds "11"]
[EventType "swiss"]
[EventDate "2021.08.22"]

1. e4 {[%clk 01:15:58]} {[%emt 00:00:01]} e5 {[%clk 01:15:58]} {[%emt
00:00:02]} 2. Nf3 {[%clk 01:16:21]} {[%emt 00:00:07]} Nc6 {[%clk 01:16:25]}
{[%emt 00:00:03]} 3. Bb5 {[%clk 01:16:45]} {[%emt 00:00:07]} a6 {[%clk
01:16:47]} {[%emt 00:00:08]} 4. Ba4 {[%clk 01:17:10]} {[%emt 00:00:05]} Nf6
{[%clk 01:17:10]} {[%emt 00:00:07]} 5. O-O {[%clk 01:17:33]} {[%emt 00:00:06]}
d6 {[%clk 01:17:29]} {[%emt 00:00:11]} 6. h3 {[%clk 01:17:03]} {[%emt
00:01:00]} b5 {[%clk 01:12:40]} {[%emt 00:05:20]} 7. Bb3 {[%clk 01:17:25]}
{[%emt 00:00:08]} Na5 {[%clk 01:13:03]} {[%emt 00:00:07]} 8. Re1 {[%clk
01:16:46]} {[%emt 00:01:08]} Be7 {[%clk 01:13:09]} {[%emt 00:00:25]} 9. c3
{[%clk 01:16:07]} {[%emt 00:01:08]} Nxb3 {[%clk 01:12:31]} {[%emt 00:01:08]}
10. Qxb3 {[%clk 01:15:48]} {[%emt 00:00:49]} c5 {[%clk 01:12:22]} {[%emt
00:00:39]} 11. d3 {[%clk 01:14:39]} {[%emt 00:01:38]} O-O {[%clk 01:11:27]}
{[%emt 00:01:26]} 12. Nbd2 {[%clk 01:13:25]} {[%emt 00:01:43]} Nh5 {[%clk
01:08:54]} {[%emt 00:03:04]} 13. Nf1 {[%clk 01:08:28]} {[%emt 00:05:27]} Be6
{[%clk 00:48:13]} {[%emt 00:21:11]} 14. Qd1 {[%clk 01:04:51]} {[%emt 00:04:07]}
Nf4 {[%clk 00:44:23]} {[%emt 00:04:21]} 15. d4 {[%clk 01:01:16]} {[%emt
00:04:04]} Ng6 {[%clk 00:42:08]} {[%emt 00:02:45]} 16. Ng3 {[%clk 00:54:07]}
{[%emt 00:07:39]} Qc8 {[%clk 00:39:50]} {[%emt 00:02:47]} 17. Bg5 {[%clk
00:51:03]} {[%emt 00:03:36]} h6 {[%clk 00:34:08]} {[%emt 00:06:11]} 18. Bxe7
{[%clk 00:50:47]} {[%emt 00:00:45]} Nxe7 {[%clk 00:33:03]} {[%emt 00:01:36]}
19. dxe5 {[%clk 00:50:07]} {[%emt 00:01:09]} dxe5 {[%clk 00:32:33]} {[%emt
00:01:01]} 20. Nxe5 {[%clk 00:49:50]} {[%emt 00:00:47]} Rd8 {[%clk 00:28:30]}
{[%emt 00:04:32]} 21. Qe2 {[%clk 00:49:32]} {[%emt 00:00:49]} f6 {[%clk
00:25:54]} {[%emt 00:03:03]} 22. Nf3 {[%clk 00:45:31]} {[%emt 00:04:32]} Bc4
{[%clk 00:25:36]} {[%emt 00:00:49]} 23. Qc2 {[%clk 00:43:52]} {[%emt 00:02:09]}
Qe6 {[%clk 00:21:55]} {[%emt 00:04:11]} 24. b3 {[%clk 00:41:59]} {[%emt
00:02:23]} Bd3 {[%clk 00:21:08]} {[%emt 00:01:17]} 25. Qb2 {[%clk 00:42:09]}
{[%emt 00:00:21]} c4 {[%clk 00:17:45]} {[%emt 00:03:53]} 26. b4 {[%clk
00:36:42]} {[%emt 00:05:58]} Qf7 {[%clk 00:16:55]} {[%emt 00:01:20]} 27. Rad1
{[%clk 00:33:32]} {[%emt 00:03:39]} f5 {[%clk 00:12:05]} {[%emt 00:05:21]} 28.
exf5 {[%clk 00:33:40]} {[%emt 00:00:23]} Nxf5 {[%clk 00:08:41]} {[%emt
00:03:53]} 29. Nxf5 {[%clk 00:31:56]} {[%emt 00:02:13]} Bxf5 {[%emt 00:02:05]}
30. Rxd8+ {[%clk 00:27:36]} {[%emt 00:04:48]} Rxd8 {[%clk 00:05:40]} {[%emt
00:17:04]} 31. Qe2 {[%clk 00:27:24]} Qf6 {[%clk 00:03:01]} 32. Nd4 {[%clk
00:25:38]} Bd7 {[%clk 00:02:26]} 33. Qe7 {[%clk 00:24:12]} Re8 {[%clk
00:01:59]} 34. Qxe8+ {[%clk 00:19:15]} {[%emt 00:00:26]} Bxe8 {[%clk 00:02:05]}
{[%emt 00:00:24]} 35. Rxe8+ {[%clk 00:19:29]} {[%emt 00:00:16]} Kf7 {[%clk
00:01:45]} {[%emt 00:00:50]} 36. Re3 {[%clk 00:18:10]} {[%emt 00:01:48]} Kg8
{[%clk 00:01:20]} {[%emt 00:00:55]} 37. Kf1 {[%clk 00:15:51]} {[%emt 00:02:49]}
Qg5 {[%clk 00:01:12]} {[%emt 00:00:38]} 38. g3 {[%clk 00:13:32]} {[%emt
00:02:48]} Qg6 {[%clk 00:01:22]} {[%emt 00:00:21]} 39. a3 {[%clk 00:11:37]}
{[%emt 00:02:25]} Qb1+ {[%clk 00:00:59]} {[%emt 00:00:53]} 40. Re1 {[%clk
00:02:30]} {[%emt 00:09:37]} Qd3+ {[%clk 00:01:18]} {[%emt 00:00:12]} 41. Ne2
{[%clk 00:02:50]} {[%emt 00:00:09]} Qd2 {[%clk 00:01:32]} {[%emt 00:00:16]}
1/2-1/2

[Event "DEM U10 2021"]
[Site "Willingen GER"]
[Date "2021.08.29"]
[Round "11"]
[White "Moskalenko, Michael"]
[Black "Senel, Serdar"]
[Result "1-0"]
[Termination "normal"]
[Board "23"]
[WhiteElo "1220"]
[BlackElo "1179"]
[WhiteClock "00:36:46"]
[BlackClock "00:46:23"]
[PlyCount "59"]
[WhiteFideId "34608877"]
[BlackFideId "34608796"]
[EventCountry "GER"]
[EventRounds "11"]
[EventType "swiss"]
[EventDate "2021.08.22"]

1. d4 {[%clk 01:15:58]} {[%emt 00:00:01]} d5 {[%clk 01:15:51]} {[%emt
00:00:10]} 2. c4 {[%clk 01:16:22]} {[%emt 00:00:06]} dxc4 {[%clk 01:16:07]}
{[%emt 00:00:13]} 3. e4 {[%clk 01:16:44]} {[%emt 00:00:08]} e6 {[%clk
01:15:42]} {[%emt 00:00:55]} 4. Nf3 {[%clk 01:16:49]} {[%emt 00:00:24]} Bb4+
{[%clk 01:15:41]} {[%emt 00:00:32]} 5. Nc3 {[%clk 01:17:07]} {[%emt 00:00:12]}
h6 {[%clk 01:15:18]} {[%emt 00:00:53]} 6. Bxc4 {[%clk 01:17:13]} {[%emt
00:00:24]} Nf6 {[%clk 01:15:20]} {[%emt 00:00:27]} 7. Qc2 {[%clk 01:16:13]}
{[%emt 00:01:30]} Nc6 {[%clk 01:14:43]} {[%emt 00:01:08]} 8. e5 {[%clk
01:15:29]} {[%emt 00:01:15]} Nd5 {[%clk 01:13:35]} {[%emt 00:01:35]} 9. O-O
{[%clk 01:15:39]} {[%emt 00:00:23]} Nb6 {[%clk 01:12:37]} {[%emt 00:01:29]} 10.
Bb5 {[%clk 01:12:43]} {[%emt 00:03:25]} Bd7 {[%clk 01:11:21]} {[%emt 00:01:47]}
11. Rd1 {[%clk 01:10:38]} {[%emt 00:02:34]} a6 {[%clk 01:10:47]} {[%emt
00:01:04]} 12. Bxc6 {[%clk 01:10:54]} {[%emt 00:00:14]} Bxc6 {[%clk 01:10:38]}
{[%emt 00:00:39]} 13. Qd3 {[%clk 01:07:04]} {[%emt 00:04:30]} O-O {[%clk
01:09:03]} {[%emt 00:01:54]} 14. Qe3 {[%clk 00:52:53]} {[%emt 00:14:42]} Bxc3
{[%clk 01:05:23]} {[%emt 00:04:10]} 15. bxc3 {[%clk 00:52:30]} {[%emt
00:00:53]} Nc4 {[%clk 01:03:12]} {[%emt 00:02:41]} 16. Qf4 {[%clk 00:52:02]}
{[%emt 00:00:58]} Ba4 {[%clk 01:01:27]} {[%emt 00:02:15]} 17. Re1 {[%clk
00:51:49]} {[%emt 00:00:43]} Nb6 {[%clk 00:56:31]} {[%emt 00:05:27]} 18. Qg3
{[%clk 00:51:43]} {[%emt 00:00:35]} Kh7 {[%clk 00:54:58]} {[%emt 00:02:03]} 19.
Re4 {[%clk 00:47:11]} {[%emt 00:05:01]} Rg8 {[%clk 00:52:57]} {[%emt 00:02:31]}
20. Rh4 {[%clk 00:45:54]} {[%emt 00:01:48]} Nd5 {[%clk 00:50:27]} {[%emt
00:03:00]} 21. Ng5+ {[%clk 00:45:58]} {[%emt 00:00:26]} Qxg5 {[%clk 00:49:13]}
{[%emt 00:01:43]} 22. Qxg5 {[%clk 00:44:51]} {[%emt 00:01:37]} Rgd8 {[%clk
00:49:01]} {[%emt 00:00:43]} 23. Qh5 {[%clk 00:43:56]} {[%emt 00:01:24]} Kg8
{[%clk 00:49:15]} {[%emt 00:00:18]} 24. Bxh6 {[%clk 00:39:44]} {[%emt
00:04:41]} g6 {[%clk 00:48:49]} {[%emt 00:00:56]} 25. Qg5 {[%clk 00:39:07]}
{[%emt 00:01:07]} b5 {[%clk 00:47:23]} {[%emt 00:01:56]} 26. Qg3 {[%clk
00:37:38]} {[%emt 00:01:58]} Rab8 {[%clk 00:47:35]} {[%emt 00:00:19]} 27. Qh3
{[%clk 00:37:39]} {[%emt 00:00:29]} b4 {[%clk 00:47:09]} {[%emt 00:00:56]} 28.
Bg5 {[%clk 00:36:51]} {[%emt 00:01:18]} f6 {[%clk 00:46:54]} {[%emt 00:00:46]}
29. Rh8+ {[%clk 00:36:46]} {[%emt 00:00:34]} Kf7 {[%clk 00:46:23]} {[%emt
00:01:01]} 30. Qh7# {[%emt 00:00:44]} 1-0

[Event "DEM U10 2021"]
[Site "Willingen GER"]
[Date "2021.08.29"]
[Round "11"]
[White "Akcapinar, Timur"]
[Black "Gavrylyuk, Oleksandr"]
[Result "1-0"]
[Termination "normal"]
[Board "24"]
[WhiteElo "1216"]
[BlackElo "1151"]
[WhiteClock "00:09:59"]
[BlackClock "00:41:46"]
[PlyCount "103"]
[WhiteFideId "16287509"]
[BlackFideId "34609083"]
[EventCountry "GER"]
[EventRounds "11"]
[EventType "swiss"]
[EventDate "2021.08.22"]

1. e4 {[%clk 01:15:58]} {[%emt 00:00:02]} c5 {[%clk 01:15:52]} {[%emt
00:00:07]} 2. Nc3 {[%clk 01:16:19]} {[%emt 00:00:10]} Nc6 {[%clk 01:16:14]}
{[%emt 00:00:08]} 3. f4 {[%clk 01:16:43]} {[%emt 00:00:06]} g6 {[%clk
01:16:22]} {[%emt 00:00:21]} 4. Nf3 {[%clk 01:17:00]} Bg7 {[%clk 01:16:42]}
{[%emt 00:00:23]} 5. Bb5 {[%clk 01:17:17]} d6 {[%clk 01:16:51]} {[%emt
00:00:34]} 6. Bxc6+ {[%clk 01:17:31]} bxc6 {[%clk 01:16:49]} {[%emt 00:00:48]}
7. O-O {[%clk 01:17:29]} Ba6 {[%emt 00:03:19]} 8. d3 {[%clk 01:15:58]} e6
{[%clk 01:15:25]} {[%emt 00:01:39]} 9. Be3 {[%clk 01:12:06]} {[%emt 00:04:21]}
Nf6 {[%clk 01:14:18]} {[%emt 00:01:36]} 10. Qe1 {[%clk 01:06:53]} {[%emt
00:05:44]} Ng4 {[%clk 01:13:08]} {[%emt 00:01:38]} 11. Bd2 {[%clk 01:04:41]}
{[%emt 00:02:44]} d5 {[%clk 01:10:36]} {[%emt 00:03:02]} 12. e5 {[%clk
00:49:23]} {[%emt 00:15:48]} c4 {[%clk 01:09:04]} {[%emt 00:02:03]} 13. d4
{[%clk 00:46:36]} {[%emt 00:03:17]} Rb8 {[%clk 01:06:03]} {[%emt 00:03:29]} 14.
h3 {[%clk 00:44:06]} {[%emt 00:03:01]} Nh6 {[%clk 01:04:59]} {[%emt 00:01:33]}
15. Qh4 {[%clk 00:38:32]} {[%emt 00:06:04]} Qxh4 {[%clk 01:05:17]} {[%emt
00:00:14]} 16. Nxh4 {[%clk 00:38:51]} {[%emt 00:00:09]} Rxb2 {[%clk 01:05:16]}
{[%emt 00:00:33]} 17. Rfc1 {[%clk 00:31:37]} {[%emt 00:07:44]} O-O {[%clk
01:05:06]} {[%emt 00:00:40]} 18. g4 {[%clk 00:31:10]} {[%emt 00:00:56]} f6
{[%clk 01:03:53]} {[%emt 00:01:34]} 19. exf6 {[%clk 00:30:34]} {[%emt
00:01:15]} Bxf6 {[%clk 01:03:06]} {[%emt 00:01:16]} 20. Nf3 {[%clk 00:25:07]}
{[%emt 00:05:57]} Bg7 {[%clk 01:02:29]} {[%emt 00:01:06]} 21. Na4 {[%clk
00:25:23]} {[%emt 00:00:16]} Rbb8 {[%clk 01:02:17]} {[%emt 00:00:22]} 22. Nc5
{[%clk 00:25:05]} {[%emt 00:01:08]} Bc8 {[%clk 01:01:52]} {[%emt 00:00:52]} 23.
Ne5 {[%clk 00:25:10]} {[%emt 00:00:28]} Bxe5 {[%clk 01:00:45]} {[%emt
00:01:36]} 24. fxe5 {[%clk 00:24:50]} {[%emt 00:00:51]} Nf7 {[%clk 01:00:18]}
{[%emt 00:00:57]} 25. Rab1 {[%clk 00:19:22]} {[%emt 00:05:59]} Rb5 {[%clk
00:58:03]} {[%emt 00:02:35]} 26. a4 {[%clk 00:17:33]} {[%emt 00:02:30]} Rxb1
{[%clk 00:51:32]} {[%emt 00:07:00]} 27. Rxb1 {[%clk 00:17:49]} {[%emt
00:00:13]} h6 {[%clk 00:50:32]} {[%emt 00:01:31]} 28. Rb8 {[%clk 00:18:10]}
{[%emt 00:00:09]} Ng5 {[%clk 00:50:16]} {[%emt 00:00:45]} 29. Bxg5 {[%clk
00:17:46]} {[%emt 00:00:54]} hxg5 {[%clk 00:47:59]} {[%emt 00:02:47]} 30. Ra8
{[%clk 00:17:52]} {[%emt 00:00:26]} a6 {[%clk 00:44:58]} {[%emt 00:03:30]} 31.
Nxa6 {[%clk 00:18:02]} {[%emt 00:00:20]} Bxa6 {[%clk 00:45:20]} {[%emt
00:00:08]} 32. Rxa6 {[%clk 00:18:27]} {[%emt 00:00:06]} Rb8 {[%clk 00:44:57]}
{[%emt 00:00:50]} 33. a5 {[%clk 00:17:48]} {[%emt 00:01:13]} Rb1+ {[%clk
00:45:12]} {[%emt 00:00:14]} 34. Kf2 {[%clk 00:17:54]} {[%emt 00:00:23]} Rb2
{[%clk 00:45:31]} {[%emt 00:00:11]} 35. Ra8+ {[%clk 00:18:15]} {[%emt
00:00:08]} Kh7 {[%clk 00:45:53]} {[%emt 00:00:09]} 36. a6 {[%clk 00:18:30]}
{[%emt 00:00:16]} Rxc2+ {[%clk 00:46:16]} {[%emt 00:00:06]} 37. Ke1 {[%clk
00:18:47]} {[%emt 00:00:11]} Ra2 {[%clk 00:46:25]} {[%emt 00:00:22]} 38. Kd1
{[%clk 00:13:17]} {[%emt 00:06:01]} c3 {[%clk 00:44:36]} {[%emt 00:02:19]} 39.
Kc1 {[%clk 00:11:36]} {[%emt 00:02:11]} c2 {[%clk 00:43:20]} {[%emt 00:01:45]}
40. Re8 {[%clk 00:09:33]} {[%emt 00:02:34]} Rxa6 {[%clk 00:42:09]} {[%emt
00:01:41]} 41. Rxe6 {[%clk 00:08:45]} {[%emt 00:01:17]} Kg7 {[%clk 00:42:01]}
{[%emt 00:00:37]} 42. Rf6 {[%clk 00:08:53]} {[%emt 00:00:23]} Rb6 {[%clk
00:41:54]} {[%emt 00:00:34]} 43. Kxc2 {[%clk 00:08:48]} {[%emt 00:00:38]} Kh7
{[%clk 00:41:58]} {[%emt 00:00:25]} 44. Rf7+ {[%clk 00:08:41]} {[%emt
00:00:37]} Kg8 {[%clk 00:42:20]} {[%emt 00:00:07]} 45. e6 {[%clk 00:09:06]}
{[%emt 00:00:04]} Rb8 {[%clk 00:41:51]} {[%emt 00:01:01]} 46. Rc7 {[%clk
00:08:21]} {[%emt 00:01:16]} Rb6 {[%clk 00:41:55]} {[%emt 00:16:30]} 47. Rc8+
{[%clk 00:08:32]} Kg7 {[%clk 00:41:46]} 48. e7 {[%clk 00:08:58]} Kf6 {[%clk
00:41:26]} 49. e8=Q {[%clk 00:08:53]} Rb7 {[%clk 00:41:12]} 50. Rxc6+ {[%clk
00:09:11]} Kg7 {[%clk 00:41:30]} 51. Rxg6+ {[%clk 00:09:33]} Kh7 {[%clk
00:41:46]} 52. Qg8# {[%clk 00:09:59]} 1-0